00591cam a22002411 4500001001300000003000400013005001700017008004100034010001700075025001800092035002000110040002100130042001200151050001800163245002100181260001100202300002400213500003100237500001400268650001800282700003200300999001700332sa 64006814 DLC20260227112042.0950117s1962 ii 000 0 tamo  asa 64006814  aPL480:I-T-549 a(OCoLC)31829422 aDLCcCUdCUdDLC apremarc00aPL4758.6b.P800aPutukkuralkaḷ. c[1962] aviii, 99 p.c20 cm. aEdited by C. S. Chellappa. aIn Tamil. 0aTamil poetry.1 aCellappā, Ci. Cu.,d1912- c59892d59892